000 006800000a22002050004500
090 _aAR
_b02120
245 1 0 _aRégimen de acceso a recursos genéticos impone limitaciones a la investigación en biodiversidad en los paises andinos
650 1 4 _aPolíticas ambientales
_95366
650 1 4 _aRecursos biológicos
_98551
650 1 4 _aConvención mundial sobre la diversidad biológica
_995590
651 4 _pColombia
_992749
651 4 _pVenezuela
_992749
651 4 _pEcuador
_992749
651 4 _pPerú
_992749
651 4 _pBolivia
_992749
041 0 _aEspañol
100 1 _aGrajal, Alejandro
_975637
942 _cARTICULO
773 1 _tInterciencia
_3446
_h1
_q63-69
_d1999
_g24
999 _c11196
_d11196